The value reporting revolution; (Record no. 9393)

MARC details
000 -LEADER
fixed length control field 00557nam a22001937a 4500
003 - CONTROL NUMBER IDENTIFIER
control field OSt
005 - DATE AND TIME OF LATEST TRANSACTION
control field 20240923095642.0
008 - FIXED-LENGTH DATA ELEMENTS--GENERAL INFORMATION
fixed length control field 240923b |||||||| |||| 00| 0 eng d
020 ## - INTERNATIONAL STANDARD BOOK NUMBER
International Standard Book Number 0471398799
040 ## - CATALOGING SOURCE
Transcribing agency MUST
100 ## - MAIN ENTRY--PERSONAL NAME
Personal name Eccles G Robert
9 (RLIN) 19177
245 ## - TITLE STATEMENT
Title The value reporting revolution;
Remainder of title Moving beyond the earnings given.
260 ## - PUBLICATION, DISTRIBUTION, ETC. (IMPRINT)
Place of publication, distribution, etc. Canada
Name of publisher, distributor, etc. Pricewaterhouse coopers
Date of publication, distribution, etc. c2001
300 ## - PHYSICAL DESCRIPTION
Extent xvii,349p. ;
Other physical details ill.;
Dimensions 25cm
500 ## - GENERAL NOTE
General note Include Notes, index
700 ## - ADDED ENTRY--PERSONAL NAME
Relator code Corporation reports
700 ## - ADDED ENTRY--PERSONAL NAME
Relator code Financial statements
942 ## - ADDED ENTRY ELEMENTS (KOHA)
Source of classification or shelving scheme Dewey Decimal Classification
Koha item type Open Shelf
Holdings
Withdrawn status Lost status Source of classification or shelving scheme Damaged status Not for loan Home library Current library Date acquired Source of acquisition Inventory number Total Checkouts Full call number Barcode Date last seen Price effective from Koha item type
    Dewey Decimal Classification     MUST Main Library MUST Main Library 23/09/2024 PURCHASE 03/20334   658.15 VAL 2001 2024-22390 23/09/2024 23/09/2024 Open Shelf